Normal view
MARC view
- . مؤلف/جمل،محمد جهاد مراجع Anna،Craft
Entry Personal Name
001 - CONTROL NUMBER
- control field: 23252
003 - CONTROL NUMBER IDENTIFIER
- control field: JO-AjAnu
005 - DATE AND TIME OF LATEST TRANSACTION
- control field: 20230606074012.0
008 - FIXED-LENGTH DATA ELEMENTS
- fixed length control field: 230606|| aca||aabn | a|a d
040 ## - CATALOGING SOURCE
- Original cataloging agency: JO-AjAnu
- Transcribing agency: JO-AjAnu
100 ## - HEADING--PERSONAL NAME
- Personal name: . مؤلف/جمل،محمد جهاد مراجع Anna،Craft
670 ## - SOURCE DATA FOUND
- Source citation: Work cat.: (JO-AjAnu)11950: . مؤلف/جمل،محمد جهاد مراجع Anna،Craft, author, الإبداع في مرحلة الطفولة=Creativity and early years education : a lifewide foundation